|
|
|
|
| LEADER |
00000nab a2200000 a 4500 |
| 001 |
vtls000749369 |
| 003 |
SK-MaSNL |
| 005 |
20260318124823.0 |
| 008 |
160314c2000 xo 0 hun |
| 015 |
|
|
|a SNBRB2001/02-06622
|
| 035 |
|
|
|a CLN000101179
|
| 040 |
|
|
|a SNKBUCL
|b slo
|c SNKBUCL
|e AACR2
|
| 041 |
0 |
|
|a slo
|
| 044 |
|
|
|a xo
|c SK
|
| 080 |
|
|
|a 82(091):894.511 (437.6)"1945/1999"(048)
|2 UDC-MRF-SK2
|
| 080 |
|
|
|a 894.511 (437.6)(091)"1945/1999"(048)
|2 UDC-MRF-SK2
|
| 080 |
|
|
|a 82:929:894.511 (437.6)(048)
|2 UDC-MRF-SK2
|
| 100 |
1 |
|
|a Bárczi, Zsófia,
|d 1973-
|4 aut
|9 109427
|
| 245 |
1 |
0 |
|a Gondolatok a kaleidoszkópkészítés művészetéről
|c Bárczi Zsófia ; illusztrálta Hajnal Mihály
|
| 300 |
|
|
|b Obr.
|
| 504 |
|
|
|a Bibliogr. odkazy
|
| 650 |
0 |
7 |
|a spisovatelia maďarskí
|z Slovensko
|y 1945-1999
|x profily
|x recenzie
|2 snkbucl
|9 854301
|
| 700 |
1 |
|
|a Hajnal, Michal,
|d 1935-
|4 ill
|9 160115
|
| 773 |
0 |
|
|t Irodalmi szemle
|g Roč. 43, č. 11-12 (2000), s. 116-118
|
| 787 |
0 |
8 |
|i Rec.:
|a Szeberényi, Zoltán, 1930-
|t Magyar irodalom Szlovákiában (1945-1999)
|d Bratislava : AB-ART, 2000
|z 8088763908
|
| 850 |
|
|
|a Slovenská národná knižnica v Martine
|
| 852 |
|
|
|a SNK
|b KIS3GCP
|
| 958 |
|
|
|a HU
|
| 958 |
|
|
|a SK
|
| 958 |
|
|
|a LX
|
| 958 |
|
|
|a NB
|
| 958 |
|
|
|a RC
|
| 958 |
|
|
|a RBX
|
| 999 |
|
|
|c 2249455
|d 2251385
|